Statistics for Glee Solos

Click here to take the quiz!

General Stats

  • This quiz has been taken 3,515 times
  • The average score is 13 of 15

Answer Stats

HintAnswer% Correct
My ManRachel Berry
98%
Girls Just Wanna Have FunFinn Hudson
97%
I Will Always Love YouMercedes Jones
96%
Papa Don't PreachQuinn Fabray
96%
SongbirdSantana Lopez
95%
BillionaireSam Evans
94%
Somewhere Only We KnowBlaine Anderson
91%
School's Out (for Summer)Noah "Puck" Puckerman
91%
Dancing with MyselfArtie Abrams
90%
Some PeopleKurt Hummel
89%
VogueSue Sylvester
89%
Would You Hold It Against MeBrittany S. Pierce
80%
Hey, Big SpenderSugar Motta
60%
StarshipsWade "Unique" Adams
59%
I Know What Boys LikeLauren Zizes
57%

Score Distribution

Percentile by Number Answered

Percent of People with Each Score

Your Score History

You have not taken this quiz